Council of RICS England and Wales (Record no. 103430)
[ view plain ]
| 000 -LEADER | |
|---|---|
| fixed length control field | 01005cam a2200217 4500 |
| 001 - CONTROL NUMBER | |
| control field | J125530 |
| 008 - FIXED-LENGTH DATA ELEMENTS--GENERAL INFORMATION | |
| fixed length control field | 040323n2003 000 0 eng u |
| 035 ## - SYSTEM CONTROL NUMBER | |
| System control number | (Sirsi) u125530 |
| 041 ## - LANGUAGE CODE | |
| Language code of text/sound track or separate title | eng |
| 050 ## - LIBRARY OF CONGRESS CALL NUMBER | |
| Classification number | 333.0062 |
| -- | 18 |
| 110 ## - MAIN ENTRY--CORPORATE NAME | |
| Corporate name or jurisdiction name as entry element | Royal Institution of Chartered Surveyors |
| Subordinate unit | Governance and Corporate Management |
| 9 (RLIN) | 4171 |
| 245 ## - TITLE STATEMENT | |
| Title | Council of RICS England and Wales |
| Remainder of title | resourcing regions for real results |
| 260 ## - PUBLICATION, DISTRIBUTION, ETC. | |
| Place of publication, distribution, etc. | [S.l.] |
| Name of publisher, distributor, etc. | RICS |
| Date of publication, distribution, etc. | 2003 |
| 490 ## - SERIES STATEMENT | |
| Series statement | RICS Brooke Review |
| Volume/sequential designation | EWC/P (03) 29 |
| 520 ## - SUMMARY, ETC. | |
| Summary, etc. | This paper informs the RICS England and Wales Council of the rationale behind the need for operational changes to support regional teams in delivering RICS member services, development and increased profile of the surveying profession. Forms part of the supporting documentation for Brooke Review Committee meeting 30 January 2004. |
| 650 ## - SUBJECT ADDED ENTRY--TOPICAL TERM | |
| Topical term or geographic name entry element | RICS MEMBERSHIP |
| 650 ## - SUBJECT ADDED ENTRY--TOPICAL TERM | |
| Topical term or geographic name entry element | RICS BROOKE REVIEW |
| 690 ## - LOCAL SUBJECT ADDED ENTRY--TOPICAL TERM (OCLC, RLIN) | |
| Topical term or geographic name as entry element | RICS NEWS |
| 710 ## - ADDED ENTRY--CORPORATE NAME | |
| Corporate name or jurisdiction name as entry element | Royal Institution of Chartered Surveyors |
| 9 (RLIN) | 4900 |
| 942 ## - ADDED ENTRY ELEMENTS (KOHA) | |
| Suppress in OPAC | 0 |
| Withdrawn status | Lost status | Source of classification or shelving scheme | Damaged status | Not for loan | Home library | Current library | Shelving location | Date acquired | Total Checkouts | Full call number | Barcode | Date last seen | Copy number | Price effective from | Koha item type |
|---|---|---|---|---|---|---|---|---|---|---|---|---|---|---|---|
| Dewey Decimal Classification | Virtual | Virtual | Online | 23/03/2004 | ONLINE PUBLICATION | 125530-2001 | 06/08/2019 | 1 | 06/08/2019 | Book |